000 00710nam a2200241 4500
003 OSt
005 20260601171000.0
008 260521b\\\\\\\\enka||||\||||\00|\0\eng\d
040 _aICI
_bspa
_cICI
041 _aeng
050 _aTA190
_bM36
245 1 _aManagement and Engineering design/
264 _bInglaterra Londres:
_cDesign Council UK,
_a1975
300 _a108 páginas:
_bilustraciones
336 _atexto
_2rdacontent
337 _asin medio
_2rdamedia
338 _avolumen
_2rdacarrier
650 _aIngeniería
_xAdministración.
_931275
650 _aDiseño de ingeniería.
_931276
650 _aGestión de proyectos.
650 _aIngeniería industrial.
_931278
942 _2lcc
_cB
_n1
999 _c20031
_d20031